=LDR 00000nam 2200000 4500 =001 NUTBA000000000004921 =005 20141014111814.0 =006 =007 =008 =020 ##$$a 602-8520-59-4 =035 ##$$a 0010-101400000000151 =040 ##$$a NBPDMAT =082 ##$$a 92 ( Sartika ) =090 ##$$a 92 $b Ron d =100 ##$$a Roni Hidayat =245 ##$$a Dewi Sartika Srikandi tanah parahyangan / $c Roni Hidayat =250 ##$$a Cet.2 =260 ##$$a Jakarta : $b Ghina Walafafa, $c 2011 =300 ##$$a iv, 50 hlm. : $b ilus. ; $c 24 cm. =500 ##$$a Bibliografi : hlm. 50 =650 ##$$a Sartika, Dewi, 1884 - 1947 =850 ##$$a NBPDMAT